000 00642 a2200277 4500
260 _aParis
630 _a82 - Litterature
037 _b2, Achat
650 _a8 - LITTERATURE
100 _a<De> Vega, Lope
260 _bLes Belles Lettres
245 _aL'Art nouveau de faire les comedies
300 _a105 p.
650 _aArt dramatique
650 _aThéâtre comique
260 _c1992
300 _b17 cm
100 _lFr.
037 _aL 10987
037 _aL 10988
440 _aCollection Le Corps éloquent
700 _aTrad., Préau, Jean-Jacques
020 _a2-251-46002-0
999 _c40644
_d40644